Countries that Watch the Most Anime - Statistics

General Stats
  • This quiz has been taken 205 times
  • The average score is 7 of 10
Answer Stats
Percentage Country % Correct
75.87% Japan
98%
71.86% United States
96%
34.67% Canada
77%
50.70% South Korea
76%
62.50% France
73%
45.58% Mexico
62%
55.78% Brazil
60%
32.50% Taiwan
49%
70.58% Philippines
43%
42.70% Malaysia
32%
No matching quizzes found
Score Distribution
Percent of People with Each Score
Percentile by Number Answered
Your Score History
You have not taken this quiz